00563cam a22002171 4500001001300000003000400013005001700017008004100034010001700075035002000092040003800112042001200150050001800162082001300180100002600193245001900219260004100238300001900279600003200298999001500330af 47001691 DLC20260227110809.0841214s1944 fr 000 0 fre c aaf 47001691  a(OCoLC)11495154 aNew York Public LibrarycMCMdDLC apremarc00aTL540.L33bL3 a926.29131 aLabric, Roger,d1893-10aCarnet de vol. aParis,bÉditions du Pavoisc[1944] a317 p.c19 cm.10aLaurent, Pierre, 1896 or 7- c1349d1349